000 00829nam a2200265 a 4500
001 BRL_1801
005 20190320211355.0
008 030815s1963----mx-#######---#000-0#spa-#
041 _aspa
044 _amx
050 4 _aR466
_b.A38 1963
100 1 _aAguirre Beltrán, Gonzalo
_925806
245 1 0 _aMedicina y magia
_bEl proceso de aculturación en la estructura colonial
_cGonzalo Aguirre Beltrán.
260 _aMéxico
_bINI
_c1963
300 _a443 p.
_c22 cm.
440 0 _aColección Antropología Social
_927907
500 _aAu2058
500 _aEstado físico: Tiene la cubierta rota.
504 _aBibliografía: 359-427
650 1 4 _aMedicina
_zMéxico
_927710
650 1 4 _aIndígenas de México
_xMedicina
_zMéxico
_927711
650 1 4 _aMedicina mágica
_zMéxico
_927712
902 _aGRL
942 _2lcc
_cB
999 _c10609
_d10609